| 000 | 00499nam a2200157 i 4500 | ||
|---|---|---|---|
| 001 | 49323 | ||
| 003 | ES-MaACL | ||
| 005 | 20230906161926.0 | ||
| 007 | t| | ||
| 008 | 030714s19521999sp ||||1| spa d | ||
| 100 | 1 |
_aCortés Salido, Juan. _940902 |
|
| 245 | 1 | 0 |
_aMemorias... casi de memoria _b: 43 años de periodista y 30 de empresario taurino / _cJuan Cortés Salido. |
| 260 |
_aMálaga : _b[s.n.], _c1952 ( _fDardo) |
||
| 300 |
_a280 p., 35 lám. ; _c35 cm. |
||
| 852 |
_aES-MaACL _jD-8494 _bR.33156 |
||
| 999 |
_c49323 _d49323 |
||